000
00257nam a2200109Ia 4500
005
20251222143200.0
008
251222s9999||||xx |||||||||||||| ||spa||
082
_a
730.944/R41
245
0
_a
Gérard Renault
264
_b
Musée Antoine Lécuyer
942
_c
LIB
999
_c
13051
_d
13051